Jean Wahl, Vers le concret. Études d’histoire de la philosophie contemporaine. William James, Whitehead, Gabriel Marcel, Paris, Vrin, 2004, 222 p., 25 E. (notice n° 1657242)

détails MARC
000 -LEADER
fixed length control field 01611cam a2200169 4500500
005 - DATE AND TIME OF LATEST TRANSACTION
control field 20260208010558.0
041 ## - LANGUAGE CODE
Language code of text/sound track or separate title fre
042 ## - AUTHENTICATION CODE
Authentication code dc
100 10 - MAIN ENTRY--PERSONAL NAME
Personal name Verdeau, Patricia
Relator term author
245 00 - TITLE STATEMENT
Title Jean Wahl, Vers le concret. Études d’histoire de la philosophie contemporaine. William James, Whitehead, Gabriel Marcel, Paris, Vrin, 2004, 222 p., 25 E.
260 ## - PUBLICATION, DISTRIBUTION, ETC.
Date of publication, distribution, etc. 2006.<br/>
500 ## - GENERAL NOTE
General note 93
520 ## - SUMMARY, ETC.
Summary, etc. La vie-aventure. Organisme et symbolisme selon la métaphysique de Whitehead La pensée de Whitehead sur la vie est placée ici dans une perspective comparatiste, incluant le programme organiciste de Cantor en philosophie de la nature et le rôle accordé à la différence de potentiel chez Bergson et Whitehead. On commente également la doctrine écologique et évolutionniste de la vie de Processus et réalité, ainsi que la relation établie par Whitehead entre organisme et symbolisme.
520 ## - SUMMARY, ETC.
Summary, etc. Adventure life. Organism and symbolism according to Whitehead’s metaphysics Whitehead’s thought on life is hereby set within a comparatist view, including Cantor’s organicist programme in the philosophy of nature and the part granted to the difference of potential in Bergson and Whitehead. We here also comment the ecological and evolutionistic doctrine of life in Process and Reality, together with the relationship set by Whitehead between organism and symbolism.
786 0# - DATA SOURCE ENTRY
Note Revue philosophique de la France et de l'étranger | 131 | 1 | 2006-03-01 | p. 77p-138p | 0035-3833
856 41 - ELECTRONIC LOCATION AND ACCESS
Uniform Resource Identifier <a href="https://shs.cairn.info/revue-philosophique-2006-1-page-77p?lang=fr&redirect-ssocas=7080">https://shs.cairn.info/revue-philosophique-2006-1-page-77p?lang=fr&redirect-ssocas=7080</a>

Pas d'exemplaire disponible.

PLUDOC

PLUDOC est la plateforme unique et centralisée de gestion des bibliothèques physiques et numériques de Guinée administré par le CEDUST. Elle est la plus grande base de données de ressources documentaires pour les Étudiants, Enseignants chercheurs et Chercheurs de Guinée.

Adresse

627 919 101/664 919 101

25 boulevard du commerce
Kaloum, Conakry, Guinée

Réseaux sociaux

Powered by Netsen Group @ 2025